000 00682cam a2200169 4500
001 WB3523-22
008 000000n1999 000 0 eng u
035 _a(Sirsi) u102512
245 _aDon't hedge your bets.
260 _c1999
490 _aDETR News Release
_v(561) 15 June 1999 (1)
520 _aThe Environment minister has launched a Code of Practice encouraging members of landscaping, horticulture and development industries to give advice to consumers choosing hedging for their gardens. A consumer leaflet giving advice is to be published in the Autumn.
650 _aHEDGES
650 _aLANDSCAPING
690 _aHIGHWAYS RIGHTS OF WAY AND EASEMENTS
942 _n0
999 _c61521
_d61521